La formación teológica de los futuros sacerdotes

-д хадгалсан:
Номзүйн дэлгэрэнгүй
Байгууллагын зохиогч: Congregación para la Educación Católica (Зохиогч)
Формат: Ном
Хэл сонгох:испани
Хэвлэсэн: Roma Congregación para la Educación Católica 1976
Нөхцлүүд:
Шошгууд: Шошго нэмэх
Шошго байхгүй, Энэхүү баримтыг шошголох эхний хүн болох!

MARC

LEADER 00000nam a2200000 a 4500
001 UCK1173
003 CL-VaPUC
008 041105e19760000IT |||||||||||||||||spa|d
082 0 4 |a 248.89425  |b CON  |2 21 
110 2 |a Congregación para la Educación Católica  |e author  |9 489026 
245 1 3 |a La formación teológica de los futuros sacerdotes 
300 |a 53 p 
942 |c BK 
945 |d 20041105 00:00:00  |a cmena 
260 |a Roma  |b Congregación para la Educación Católica  |c 1976 
650 0 |a Vocación religiosa  |9 392452 
650 0 |a Vocación sacerdotal  |9 392453 
650 0 |a Educación religiosa   |9 308312 
650 0 |a Teología cristiana  |9 308336 
583 |a last modification  |c 20041105 00:00:00  |k Rodrigo Vera 
999 |c 311257  |d 311255 
952 |0 0  |1 0  |4 0  |6 248_894250000000000_CON_1976  |7 0  |8 A  |9 380573  |a BIBTEO  |b BIBTEO  |d 2019-11-21  |i 4076168  |o 248.89425 CON 1976  |p 4076168  |r 2025-01-17  |w 2019-11-21  |y BK  |k ICR